[Event "NED-ch 1995"]
[Site "Amsterdam"]
[Date "1995.??.??"]
[Round "11"]
[White "Van der Wiel, John"]
[Black "Sosonko, Gennadi"]
[Result "1/2-1/2"]
[WhiteElo "2570"]
[BlackElo "2535"]
[PlyCount "37"]
[EventDate "1995.06.??"]
[Source "ChessBase"]
[SourceDate "2004.01.01"]

1. e4 c5 2. Nf3 d6 3. c3 Nf6 4. g3 Nc6 5. d3 g6 6. Bg2 Bg7 7. O-O O-O 8. Nbd2
e5 9. a4 h6 10. Nc4 Be6 11. Nfd2 d5 12. exd5 Bxd5 13. f3 Be6 14. Ne4 Nxe4 15.
fxe4 Na5 16. Ne3 c4 17. dxc4 Nxc4 18. Nd5 Bxd5 19. Qxd5 1/2-1/2